Sueños y realidades = Career Girls /
Dos mujeres que compartieron habitación en la universidad, se reúnen después de seis años de su graduación. A través de flashbacks se muestran las transformaciones que ambas han sufrido. Tras un fin de semana juntas, redescubren el sentido de la amistad.
Збережено в:
| Автор: | |
|---|---|
| Інші автори: | , , , , , , , |
| Формат: | |
| Мова: | Англійська |
| Опубліковано: |
Londres, Inglaterra :
Thin Man Productions,
1997, c1997
México : Videomax [distribución], 1998 |
| Предмети: | |
| Теги: |
Немає тегів, Будьте першим, хто поставить тег для цього запису!
|
MARC
| LEADER | 00000ngm^a2200000^a^4500 | ||
|---|---|---|---|
| 001 | 000092975 | ||
| 005 | 20250521000000.0 | ||
| 009 | 20260310092742.68 | ||
| 037 | |a Acervo ITESO - Biblioteca | ||
| 041 | |a ING | ||
| 082 | |a 820. |b LEI | ||
| 100 | |a Leigh, Mike |e (realización) | ||
| 240 | 1 | 1 | |a [Sueños y realidades] |
| 245 | 1 | 0 | |a Sueños y realidades = |b Career Girls / |c Realización de M. Leigh. |
| 246 | 2 | |a Título en México: Sueños y realidades | |
| 246 | 2 | |a Título alternativo en español (Argentina y Uruguay): Simplemente amigas | |
| 246 | 2 | |a Título alternativo en español (España): Dos chicas de hoy | |
| 264 | 4 | |a Londres, Inglaterra : |b Thin Man Productions, |c 1997, c1997 | |
| 264 | 4 | |a México : |b Videomax [distribución], |c 1998 | |
| 300 | |a 1 videocasete VHS (85 min.) : |b color | ||
| 336 | |a imagen móvil bidimensional |b tdi |2 rdacontenido | ||
| 337 | |a video |b v |2 rdamedio | ||
| 338 | |a videocasete |b vf |2 rdasoporte | ||
| 520 | |a Dos mujeres que compartieron habitación en la universidad, se reúnen después de seis años de su graduación. A través de flashbacks se muestran las transformaciones que ambas han sufrido. Tras un fin de semana juntas, redescubren el sentido de la amistad. | ||
| 546 | |a En inglés, con subtítulos en español | ||
| 649 | |a XX | ||
| 650 | |a Mujeres en el Cine | ||
| 650 | |a Comedias Cinematográficas | ||
| 650 | |a Cine Inglés - |y 1990-1999 | ||
| 650 | |a Cine Inglés - |y Siglo XX | ||
| 650 | |a Amistad - |x Tema Principal | ||
| 650 | |a Memoria y Olvido | ||
| 700 | |a Leigh, Mike |e (guión) | ||
| 700 | |a Pope, Dick |e (fotógrafo) | ||
| 700 | |a Sales, Robin |e (montaje) | ||
| 700 | |a Jean-Baptiste, Marianne |e (música) | ||
| 700 | |a Remy, Tony |e (música) | ||
| 700 | |a Cartlidge, Katrin |e (actuación) | ||
| 700 | |a Steadman, Lynda |e (actuación) | ||
| 700 | |a Byers, Kate |e (actuación) | ||
| 910 | |a Fondo General | ||
| 920 | |a Audiovisuales - Videocasetes | ||
| 940 | |a Películas | ||
| 905 | |a 301 | ||
| 901 | |a 0500024413 |b IT2 |c VIS |u 20250521 | ||
| 902 | |a https://opac.biblio.iteso.mx/vufind/Record/000092975 | ||